000 01228nam a22002537a 4500
005 20100102095829.0
008 100102t xxu||||| |||| 00| 0 hin d
010 _aHIN-88871
020 _c150.00
_a9788190537315
035 _aHN-61217
037 _bDBAD / PUB
040 _aDPL
_bHN
082 _a954.0841
100 _aभार्गव, वी. एस.
_96145
245 _aभारतीय स्वतंत्रता संग्राम /
_cवी.एस. भार्गव
246 _aBhartiya Svatantrata sangram
_bby V.S. Bhargawa
260 _aजयपुर
_bगोयल पब्लिशिंग हाउस
_c2007
270 _a5, बधवार मार्केट, फिल्म कालोनी
_bजयपुर
_e302003
300 _a160पृ.
_c22सेमी (सजिल्द)
650 _2भारत
_xइतिहास
_96146
650 _2India
_xHistory
942 _2ddc
_cHN
_h954.0841
_mभार्गव
999 _c33464
_d33464